Sports Quiz

Random Sports or MLB Quiz

MLB Top 5 HR Leaders by Season - 1930's Quiz Stats

 Plays Quiz not verified by Sporcle

Support Sporcle.
Go Orange.
Score 0/54 Timer 10:00
0 Plays Today
Year Player % Correct
1930Babe Ruth
99.4%
1930Lou Gehrig
99.4%
1930Hack Wilson
98.3%
1931Jimmie Foxx
97.8%
1934Hank Greenberg
93.9%
1936Joe DiMaggio
93.9%
1931Mel Ott
93.4%
1930Chuck Klein
92.3%
1939Ted Williams
89.5%
1931Al Simmons
86.7%
1936Bill Dickey
78.5%
1931Earl Averill
75.1%
1933Joe Medwick
75.1%
1935Charlie Gehringer
71.3%
1939Ernie Lombardi
68%
1932Bill Terry
67.4%
1932Mickey Cochrane
65.7%
1933Bob Johnson
65.2%
1934Hal Trosky
65.2%
1933Gabby Hartnett
64.1%
1936Johnny Mize
63.5%
1938Joe Gordon
61.9%
1937Rudy York
60.2%
1933Tony Lazzeri
59.7%
1933Babe Herman
57.5%
1930Wally Berger
55.8%
1932Ripper Collins
51.9%
Year Player % Correct
1931Goose Goslin
48.1%
1938Tommy Henrich
44.2%
1932Lefty O'Doul
40.9%
1935Arky Vaughan
40.9%
1937Joe Cronin
35.4%
1935Dolph Camilli
33.1%
1937Gee Walker
27.1%
1936Harlond Clift
25.4%
1936George Selkirk
24.9%
1938Ken Keltner
24.3%
1934Chick Hafey
23.8%
1934Zeke Bonura
21.5%
1932Don Hurst
19.9%
1938Ival Goodman
19.3%
1935Johnny Moore
14.4%
1937Wally Moses
8.8%
1939George McQuinn
7.7%
1937Moose Solters
6.6%
1939Max West
6.6%
1935Pinky Higgins
6.1%
1937Augie Galan
5.5%
1939Frankie Hayes
3.9%
1933Johnny Vergez
3.3%
1935Hank Leiber
3.3%
1933Bruce Campbell
2.8%
1938Johnny Rizzo
2.8%
1934Eric McNair
1.7%

You're not logged in!

Compare scores with friends on all Sporcle quizzes.
OR
Log In

From the Vault

'Eight Days a Week' Lyrics

by LostInOz

We're not sure what calendar The Beatles are looking at, but this song sure is catchy.
Remove Ads.
Support Sporcle.
Get the best of Sporcle when you Go Orange. This ad-free experience offers more features, more stats, and more fun while also helping to support Sporcle. Thank you for becoming a member.

Show Comments

Extras

Created Jan 29, 2016SourceReportNominate
Tags:MLB Quiz, 1930s, Home Runs

Top Quizzes Today


Score Distribution

Your Account Isn't Verified!

In order to create a playlist on Sporcle, you need to verify the email address you used during registration. Go to your Sporcle Settings to finish the process.

Report this User

Report this user for behavior that violates our Community Guidelines.

Details: